LEADER 01075nam--2200325---450- 001 990005829750203316 005 20130415112239.0 035 $a000582975 035 $aUSA01000582975 035 $a(ALEPH)000582975USA01 035 $a000582975 100 $a20130415d1968----km-y0itay50------ba 101 $aita 102 $aIT 105 $a||||||||001yy 200 1 $aRecensioni$f[Luciano Canfora] 210 $aTorino$cLoescher$d1968 215 $a[449]-454 p.$d25 cm 300 $aRecensione di: L. D. Reynolds, N. G. Wilson, Scribes and Scholars. A guide to the trasmission of greek and latin literature, Oxford University press, 1968, VIII, 185 p. 300 $aEstratto da: Rivista di filologia e di istruzione classica, Serie Terza, Volume 96, fasc. 4, 1968 676 $a880.09 700 1$aCANFORA,$bLuciano$038986 801 0$aIT$bsalbc$gISBD 912 $a990005829750203316 951 $aXV.8. 1617$b226049 L.M.$cXV.8. 959 $aBK 969 $aFSO 979 $aIANNONE$b90$c20130415$lUSA01$h1122 996 $aRecensioni$91088703 997 $aUNISA